Do you know Dr.A.P.J.Abdul Kalam / (Record no. 167714)

MARC details
000 -LEADER
fixed length control field 00665nam a22001937a 4500
005 - DATE AND TIME OF LATEST TRANSACTION
control field 20190917144126.0
010 ## - LCCN (DPL NO)
LC control number ENG-126484
020 ## - INTERNATIONAL STANDARD BOOK NUMBER
Terms of availability 150.00
International Standard Book Number 978-93-8184-183-9
035 ## - SYSTEM CONTROL NUMBER
System control number EN-110016
037 ## - SOURCE OF ACQUISITION
Source of stock number/acquisition DBAD/PUB
082 ## - DEWEY DECIMAL CLASSIFICATION NUMBER
Classification number 920
100 ## - MAIN ENTRY--PERSONAL NAME
Personal name Pandit ,Unnat P.
245 ## - TITLE STATEMENT
Title Do you know Dr.A.P.J.Abdul Kalam /
Statement of responsibility, etc By Unnat P. Pandit
260 ## - PUBLICATION, DISTRIBUTION, ETC. (IMPRINT)
Place of publication, distribution, etc New Delhi
Name of publisher, distributor, etc Grapevine India Publishers
Date of publication, distribution, etc 2016
270 ## - ADDRESS
City New Delhi
Address Plot no.4,First Floor, Pandavnagar,Opposite Shadipur Metro Station Patel Nagar
Postal code 110008
Electronic mail address grapevineindiapublishers@gmail.com
300 ## - PHYSICAL DESCRIPTION
Extent 142p.
Dimensions 20cm(pbk)
Other physical details ill.
500 ## - GENERAL NOTE
General note includes Index
942 ## - ADDED ENTRY ELEMENTS (KOHA)
Source of classification or shelving scheme Dewey Decimal Classification
Item type English Books
Classification part 920
Call number suffix PAN
Holdings
Withdrawn status Lost status Not for loan Collection code Home library Current library Date acquired Source of acquisition Cost, normal purchase price Full call number Barcode Copy number Cost, replacement price Koha item type
      Non-fiction D.B.Act.Division Mobile Library 17/09/2019 DBAD/PUB 150.00 920 PAN EN-110016 1 150.00 English Books

© Delhi Public Library
Hit Counter
free hit counter